Quizzes
Events
Quiz Creation
Community
Videos
Private Events
Remove Ads
Sign In
Join for FREE
Feedback
Dark Mode
Quiz Categories
Sports
Geography
Music
Movies
Television
Just For Fun
Miscellaneous
History
Literature
Language
Science
Gaming
Entertainment
Religion
Holiday
For Kids
Quiz Lab
Recent
Popular Today
Quiz Kudos Today
Editor Picks
Curator Picks
Quizzes by...
Day
Popularity
Type
Ratings
Length
Year
Community
Subscriptions
Recent Discussions
Orange Saloon
Badges
Playlists
Quests
Create
Leaderboards
Showdown
Live 5
Trivia Bingo
Activity
Puzzle Library
Sporcle Events
Private Events
Virtual Trivia
Globe League
Become a Host
Pub Owners
SporcleCon
Opinionation
Our Games
Videos
Blog
Mobile Apps
Partnerships
Remove Ads and Go Orange
Feedback
Television
TV Characters
TV Show
Sitcom
Network
Friends
Reality Shows
Cast
South Park
Star Trek
The Simpsons
Doctor Who
Television
TV Characters
TV Show
Sitcom
Network
Friends
Reality Shows
Cast
South Park
Star Trek
The Simpsons
Doctor Who
Random Quiz
Search Sporcle
×
Quiz Lab
Quiz Lab
Television
Zoey
Type in answers that appear in a list
Type in answers that appear in a list
Classic
Best Score? Go Orange.
Zoey 101 Student Names Stats
Can you name the Zoey101 Student Names?
By
scarlet227
4m
14 Questions
3,986 Plays
3,986 Plays
3,986 Plays
Comments
Comments
Give Quiz Kudos
Give Quiz Kudos
-
- Ratings
hide this ad
Replay
Link that replays current quiz
Next Quiz
Link to next quiz in quiz playlist
You Got
0%
They Got
Avg Score
72%
Avg Friend Score
Upgrade to see
Score Distribution
Jump to the score distribution portion of the page
Score
0/14
Timer
04:00
0
Plays Today
Summary of student
Name of student
% Correct
Main character
Zoey
99.3%
Main character's best guy friend
Chase
97.5%
Rich snob
Logan
93.4%
Girl who wants to be an actress
Lola
92.3%
Girl who is obsessed with science
Quinn
90.5%
Black guy who sings well
Michael
88%
Main character's brother
Dustin
87.8%
Summary of student
Name of student
% Correct
The ex of the girl who is obsessed with science
Mark
82.1%
Girl who loves the rich snob
Stacy
70.7%
Violent football star
Vince
60.5%
Girlfriend of the Black guy who sings well
Lisa
49%
PCA's main reporter
Jeremiah
37.6%
The ex of the main characters best guy friend
Rebecca
34.3%
Guy who Is obsessed with computers
Firewire/Wayne
29.6%
Quiz Playlist
Details
Report
Send in Message
Add To Playlist
Classic:
Type in answers that appear in a list
Last Updated: Mar 8, 2018
Quiz Scoreboard
CHALLENGE
Sign Up to Join the Scoreboard
Show All
Scores
Hide
Comments
May contain spoilers
Recently Published
Movies - When Are They Set?
by FPL_Elf
Movies
5m
Popular People in 1961
by mucciniale
History
6m
1-10 Letter E Words III
by El_Dandy
Language
2m
More to Explore
Quiz From the Vault
Featured Blog Post
Where Did the Easter Bunny Come From?
hide this ad
You Might Also Like...
Tags
101
Age
last
student
Zoey
Zoey 101
Today's Top Quizzes in Television
Browse Television
hide this ad
Top Contributed Quizzes in Television
1
One Piece Logic Puzzle
2
Survivor Logic Puzzle: Heroes vs. Villains
3
Survivor Seasons
4
Survivor Season by Logo
5
Survivor Trivia
6
One Thing in Common: Television
7
Who Wants to Be a Millionaire?
8
Survivor Logic Puzzle: Winners at War
9
Ultimate Survivor Logic Puzzle
10
Phoebe Buffay Quotes
Explore More
Trending Topics
Kpop
Anime
Disney
NBA
Crossword
Marvel
Harry Potter
Song
Country
The Office
NFL
Soccer
Pokémon
Puzzle
WWE
hide this ad
More By:
scarlet227
Quiz
Plays
Rating
Category
Featured
Created
Zoey 101 Student Names
3,986
4.29
Television
Jun 6, 2010
The Most Deadly Snakes In The World
359
1.50
Miscellaneous
Jun 7, 2010
Ke$ha Songs
192
1.50
Music
Jun 7, 2010
Top baby girl names of 2009
127
3.00
Just For Fun
Jun 7, 2010
Top Baby Boy Names 2009
114
3.00
Just For Fun
Jun 7, 2010
Go to Creator's Profile
Score Distribution
Quiz Creator Spotlight
scarlet227
Follow
Send a Message
Quizzes Created
-
Created Quiz Play Count
-
More By This Creator
Popular Quizzes Today
1
Find the Countries of Europe - No Outlines Minefield
2
Find the US States - No Outlines Minefield
3
The Countries of the World
4
Popular People in 1961
5
1-10 Letter E Words III
6
US States
7
Find the US States
8
One Thing in Common: World Cities II
More Television Quizzes
LGBTQ in Doctor Who
Curator's Pick
Trending Quizzes
Risky Map Clicking: Least Populous States A-Z
Humor Books: The Subtitles
1-10 Letter F Words
1-10 Letter G Words
One Thing in Common: United Kingdom
Recently Updated
Leaping Animals
pecheneg
Reality TV Shows (A-Z)
bhenderson79
Rickey Henderson's Hall of Fame Teammates
pecheneg
Champions League XIs: Arsenal
pecheneg
Quick Pick: Celebrities in WWE's Hall of Fame
aduchscher
A-Z Keypad Blitz II
pecheneg
Multiple Oscar Actors
pecheneg
Mystery Phrase Blitz: Oscar 'Best Actors'
pecheneg
F. Scott Fitzgerald Novels
LTH
Pick 3 Villains
ddd62291
Trending Topics
Kpop
Harry Potter
Crossword
Disney
Marvel
Anime
NBA
The Office
NFL
Song
Pokémon
Soccer
WWE
Country
Puzzle
Your Account Isn't Verified!
In order to create a playlist on Sporcle, you need to verify the email address you used during registration. Go to your
Sporcle Settings
to finish the process.
Report this User
Report this user for behavior that violates our
Community Guidelines
.
Details:
Send Report
Go to the Sporcle.com Mobile Site →
Comments